MARC details
| 000 -CABECERA |
| campo de control de longitud fija |
01328nam a2200241 a 4500 |
| 001 - NÚMERO DE CONTROL |
| campo de control |
000029797 |
| 005 - FECHA Y HORA DE LA ÚLTIMA TRANSACCIÓN |
| campo de control |
20250711124154.0 |
| 008 - DATOS DE LONGITUD FIJA--INFORMACIÓN GENERAL |
| campo de control de longitud fija |
110426s2011 dr ad 000 0 spa d |
| 040 ## - FUENTE DE LA CATALOGACIÓN |
| Centro catalogador/agencia de origen |
DO-SdBNP |
| Lengua de catalogación |
spa |
| Centro/agencia transcriptor |
BNPHU |
| 082 ## - NÚMERO DE LA CLASIFICACIÓN DECIMAL DEWEY |
| Número de clasificación |
371.207 |
| Número de documento/Ítem |
R426pl |
| 110 1# - ENTRADA PRINCIPAL--NOMBRE DE ENTIDAD CORPORATIVA |
| Nombre de entidad corporativa o nombre de jurisdicción como elemento de entrada |
República Dominicana. |
| Unidad subordinada |
Ministerio de Educación |
| 9 (RLIN) |
43100 |
| 245 10 - MENCIÓN DE TÍTULO |
| Título |
Plan operativo 2011 / |
| Mención de responsabilidad, etc. |
presentación Melanio Paredes ; introducción Mery Valerio. |
| 260 ## - PUBLICACIÓN, DISTRIBUCIÓN, ETC. |
| Lugar de publicación, distribución, etc. |
Santo Domingo : |
| Nombre del editor, distribuidor, etc. |
Alfa y Omega, |
| Fecha de publicación, distribución, etc. |
2011. |
| 300 ## - DESCRIPCIÓN FÍSICA |
| Extensión |
181 p. : |
| Otras características físicas |
il., tablas ; |
| Dimensiones |
29 cm. |
| 505 0# - NOTA DE CONTENIDO CON FORMATO |
| Información miscelánea |
Presentación / |
| Mención de responsabilidad |
Melanio Paredes -- |
| Información miscelánea |
Introducción / |
| Mención de responsabilidad |
Mery Valerio -- |
| Título |
Políticas educativas del Plan Decenal -- |
| -- |
Plan estratégico de la Gestión Educativa 2008-2012 -- |
| -- |
Planificación operativa: |
| -- |
Planificación y desarrollo -- |
| -- |
Desarrollo curricular y docente -- |
| -- |
Gestión administrativa -- |
| -- |
Apoyo estudiantil -- |
| -- |
Mejora continua: supervisión, evaluación y control -- |
| -- |
Matriz operativa -- |
| -- |
Matriz de programación de actividades -- |
| -- |
Presupuesto por dependencia y objeto de gasto. |
| 590 ## - NOTA LOCAL (RLIN) |
| Nota local |
Inventariado,2018/DG |
| 650 #0 - PUNTO DE ACCESO ADICIONAL DE MATERIA--TÉRMINO DE MATERIA |
| Término de materia o nombre geográfico como elemento de entrada |
Planificación educativa |
| 9 (RLIN) |
17484 |
| 650 #4 - PUNTO DE ACCESO ADICIONAL DE MATERIA--TÉRMINO DE MATERIA |
| Término de materia o nombre geográfico como elemento de entrada |
Planificación estratégica |
| 9 (RLIN) |
2433 |
| 650 #4 - PUNTO DE ACCESO ADICIONAL DE MATERIA--TÉRMINO DE MATERIA |
| Término de materia o nombre geográfico como elemento de entrada |
Desarrollo educativo |
| 9 (RLIN) |
10501 |
| 700 12 - PUNTO DE ACCESO ADICIONAL--NOMBRE DE PERSONA |
| Nombre de persona |
Paredes, Melanio, |
| Término indicativo de función/relación |
present. |
| 9 (RLIN) |
53516 |
| 700 12 - PUNTO DE ACCESO ADICIONAL--NOMBRE DE PERSONA |
| Nombre de persona |
Valerio, Mery, |
| Término indicativo de función/relación |
introd. |
| 9 (RLIN) |
56552 |
| 910 ## - DATOS DE OPCIÓN DEL USUARIO (OCLC) |
| Datos de opción del usuario |
Validado. Control de calidad EMS |